Κατάλογος Βιβλιοθηκών Mediterranean College

Delivering Happiness / A Path to Profits, Passion, and Purpose (Record no. 6432)

MARC details
000 -LEADER
fixed length control field 01129cam a22002174a 4500
005 - ΗΜΕΡΟΜΗΝΙΑ ΚΑΙ ΩΡΑ ΤΕΛΕΥΤΑΙΑΣ ΕΝΗΜΕΡΩΣΗΣ
Πεδίο ελέγχου 20250605164242.0
008 - FIXED-LENGTH DATA ELEMENTS--GENERAL INFORMATION
Πεδίο ελέγχου σταθερού μήκους 250528s ||||||||||||||||||||||||d
035 ## - SYSTEM CONTROL NUMBER
System control number 21368
020 ## - ISBN
ISBN 9780446563048
040 ## - ΠΗΓΗ ΚΑΤΑΛΟΓΟΓΡΑΦΗΣΗΣ
Φορέας πρωτότυπης καταλογογράφησης MC Athens Campus Library
Γλώσσα καταλογογράφησης Ελληνικά, Μοντέρνα (1453-)
Modifying agency MC Athens Campus Library
Κανόνες περιγραφικής καταλογογράφησης AACR2
245 1# - ΤΙΤΛΟΣ ΚΑΙ ΔΗΛΩΣΗ ΥΠΕΥΘΥΝΟΤΗΤΑΣ
Τίτλος Delivering Happiness / A Path to Profits, Passion, and Purpose
250 ## - EDITION STATEMENT
Edition statement 1st
260 ## - PUBLICATION, DISTRIBUTION, ETC.
Name of publisher, distributor, etc. Business Plus,
Date of publication, distribution, etc. 2010
300 ## - PHYSICAL DESCRIPTION
Extent 260
505 0# - FORMATTED CONTENTS NOTE
Formatted contents note Preface, Introduction: Finding My Way, Profits, In Search of Profits, You Win Some and You Lose Some, Diversity, Profits and Passion, Concentrate Your Position, Platform For Growth: Brand and Culture and Pipeline, Profits and Passion and Purpose, Taking It to the Next Level, End Game, Epilogue, Index.
520 ## - SUMMARY, ETC.
Summary, etc. Preface, Introduction: Finding My Way, Profits, In Search of Profits, You Win Some and You Lose Some, Diversity, Profits and Passion, Concentrate Your Position, Platform For Growth: Brand and Culture and Pipeline, Profits and Passion and Purpose, Taking It to the Next Level, End Game, Epilogue, Index.
700 1# - ΠΡΟΣΘΕΤΗ ΑΝΑΓΡΑΦΗ--ΦΥΣΙΚΟ ΠΡΟΣΩΠΟ
Personal name Hsieh Tony
9 (RLIN) 7420
942 ## - ADDED ENTRY ELEMENTS (KOHA)
Koha item type Books
Holdings
Τύπος τεκμηρίου Βιβλιοθήκη Τρέχουσα τοποθεσία Barcode Αριθμός εισαγωγής Ημερομηνία απόκτησης Ταξιθετικό σύμβολο Αριθμός αντιτύπου Κατάσταση απόσυρσης Κατάσταση χαμένου Κατάσταση κατεστραμμένου Μη δανεισμός Σύνολο δανεισμών Ημερομηνία τελευταίας εμφάνισης Η τιμή ισχύει από
Books MC Athens Campus Library MC Athens Campus Library 9780000064318 5631 05/06/2025 658.4/09 HSI 1           05/06/2025 05/06/2025

MC Athens Campus Library
Πατησίων 94 & Κοδριγκτώνος 13, 104 34
Πελλήνης 8 & Πατησίων 107, 112 51
Τ: +30 210 8899600

MC Thessaloniki Campus Library
Ίωνος Δραγούμη 21, 54625 | Ίωνος Δραγούμη 15, 54625
Τ: +30 2310 287779 – Τ: +30 2314 440300